[Event "GBR-ch 109th"]
[Site "Leicester"]
[Date "2023.07.26"]
[Round "5"]
[White "Chan, Sheng Liang Bernard"]
[Black "Szekely, Balazs Virgil"]
[Result "1/2-1/2"]
[WhiteElo "2078"]
[BlackElo "1957"]
[PlyCount "111"]
[EventDate "2023.07.22"]
[EventType "swiss"]
[EventRounds "9"]
[EventCountry "ENG"]
[SourceTitle "CBM 215 Extra"]
[Source "ChessBase"]
[SourceDate "2023.09.30"]
[SourceVersion "1"]
[SourceVersionDate "2023.09.30"]
[SourceQuality "1"]

1. c4 e6 2. g3 d5 3. Bg2 Nf6 4. Nf3 dxc4 5. Qa4+ Bd7 6. Qxc4 c5 7. Ne5 Nc6 8. Nxc6 Bxc6 9. Bxc6+ bxc6 10. Nc3 Nd5 11. Qa4 Qd7 12. a3 Nb6 13. Qc2 c4 14. 0-0 h5 15. h4 Be7 16. d3 cxd3 17. Qxd3 Qxd3 18. exd3 0-0-0 19. Rd1 Rd7 20. Kf1 e5 21. Be3 f5 22. a4 f4 23. a5 Na8 24. gxf4 exf4 25. Bxf4 Bxh4 26. Ne4 Nc7 27. Rac1 Nd5 28. Rxc6+ Kd8 29. Bg5+ Bxg5 30. Nxg5 Re8 31. Ne6+ Ke7 32. Nxg7 Rh8 33. Nf5+ Kf7 34. Rd6 Rxd6 35. Nxd6+ Ke6 36. Nc4 Nf4 37. Ne3 h4 38. Ng2 Nd5 39. Kg1 h3 40. Ne3 h2+ 41. Kh1 Nf4 42. Rd2 Ng6 43. Nf1 Ne5 44. f4 Ng6 45. Rf2 Rf8 46. f5+ Rxf5 47. Rxf5 Kxf5 48. b4 Ke5 49. b5 Kd5 50. d4 Ne7 51. Ne3+ Kxd4 52. b6 axb6 53. Nf5+ Kc5 54. axb6 Kxb6 55. Nxe7 Kc5 56. Kxh2 1/2-1/2